[Event "Laval op"]
[Site "Laval CAN"]
[Date "2019.06.22"]
[Round "2.20"]
[White "Richard, Leo"]
[Black "Bilodeau-Savaria, Carl-William"]
[Result "1-0"]
[WhiteElo "1813"]
[BlackElo "1366"]
[PlyCount "95"]
[EventDate "2019.06.21"]
[EventType "swiss"]
[EventRounds "5"]
[EventCountry "CAN"]

1. c4 Nf6 2. Nc3 c5 3. Nf3 Nc6 4. e3 e6 5. d4 d5 6. a3 b6 7. dxc5 bxc5 8. cxd5
exd5 9. Bb5 Bb7 10. O-O Be7 11. Qa4 Qc7 12. Ne5 Rc8 13. Qxa7 O-O 14. Bxc6 Bxc6
15. Qxc7 Rxc7 16. Nxc6 Rxc6 17. Rd1 Rd8 18. Ne2 Rb6 19. Rb1 c4 20. Bd2 Rdb8 21.
Bc3 Bxa3 22. Bd4 Rb3 23. Be5 R8b7 24. Ra1 Bf8 25. Ra8 Nd7 26. Bc3 Nf6 27. Nd4
Rb8 28. Rxb8 Rxb8 29. f3 Bc5 30. Kf2 Nd7 31. Nf5 g6 32. Nh6+ Kf8 33. Rxd5 Re8
34. Rxd7 Bxe3+ 35. Kf1 Bxh6 36. Rc7 Bf4 37. Rxc4 Bxh2 38. Rh4 Be5 39. Rxh7 Bxc3
40. bxc3 Kg8 41. Rh4 f5 42. Rd4 Kf7 43. Rd2 Rc8 44. Rc2 f4 45. Ke2 Ke6 46. Kd3
Kd5 47. c4+ Ke5 48. Re2+ 1-0

[Event "Laval op"]
[Site "Laval CAN"]
[Date "2019.06.22"]
[Round "2.21"]
[White "Adam, Rafael"]
[Black "Lesage, Philippe"]
[Result "1/2-1/2"]
[WhiteElo "1367"]
[BlackElo "1775"]
[PlyCount "53"]
[EventDate "2019.06.21"]
[EventType "swiss"]
[EventRounds "5"]
[EventCountry "CAN"]

1. d4 Nf6 2. c4 e6 3. Nc3 Bb4 4. Qc2 d5 5. Bg5 c5 6. cxd5 Qxd5 7. Bxf6 gxf6 8.
dxc5 Qxc5 9. Rc1 Ba5 10. Nf3 Nc6 11. g3 Bd7 12. a3 Nd4 13. Nxd4 Qxd4 14. Bg2
Rc8 15. Qd2 Qxd2+ 16. Kxd2 Ke7 17. b4 Bb6 18. e3 Rhd8 19. Ke2 Rc7 20. Rhd1 Rdc8
21. Kd2 a5 22. Ne2 axb4 23. axb4 Bb5 24. Rxc7+ Rxc7 25. Rc1 Rd7+ 26. Ke1 f5 27.
Nc3 1/2-1/2

[Event "Laval op"]
[Site "Laval CAN"]
[Date "2019.06.22"]
[Round "2.23"]
[White "Gaumont, Xavier"]
[Black "Steinberg, Ellis"]
[Result "0-1"]
[WhiteElo "1278"]
[BlackElo "1745"]
[PlyCount "110"]
[EventDate "2019.06.21"]
[EventType "swiss"]
[EventRounds "5"]
[EventCountry "CAN"]

1. e4 g6 2. Nf3 Bg7 3. Nc3 d6 4. Bc4 Nf6 5. d3 O-O 6. O-O c5 7. Bg5 Nc6 8. Re1
Bg4 9. Be3 Ne5 10. Bg5 Qc8 11. Nd5 Nxd5 12. Bxd5 Bxf3 13. gxf3 Qh3 14. Re3 e6
15. f4 Qg4+ 16. Qxg4 Nxg4 17. Rg3 exd5 18. Rxg4 dxe4 19. dxe4 Rfe8 20. f5 h6
21. Be3 h5 22. Rg3 Kh7 23. fxg6+ fxg6 24. f3 b6 25. Rd1 Rad8 26. Bc1 Rd7 27.
Rg5 Rf8 28. Kg2 Rdf7 29. Rg3 Be5 30. Rh3 Kg7 31. c3 b5 32. Bg5 b4 33. Rc1 bxc3
34. bxc3 Rb8 35. Rc2 Rb1 36. Kf2 Rfb7 37. Bc1 Ra1 38. f4 Bf6 39. Rd3 Rbb1 40.
Rd1 Kf7 41. Ke3 g5 42. h3 gxf4+ 43. Kxf4 Ke6 44. Kf3 Bg5 45. Bxg5 Rxd1 46. h4
Rf1+ 47. Ke3 Rae1+ 48. Kd3 Rf3+ 49. Kc4 Rxe4+ 50. Kb5 Rf8 51. Kc6 Rc8+ 52. Kb7
Kd7 53. Kxa7 Kc6 54. c4 Ree8 55. Rg2 Ra8# 0-1

[Event "Laval op"]
[Site "Laval CAN"]
[Date "2019.06.22"]
[Round "3.1"]
[White "Roussel-Roozmon, Thomas"]
[Black "Feoktistov, Dmitri"]
[Result "1/2-1/2"]
[WhiteElo "2463"]
[BlackElo "2139"]
[PlyCount "130"]
[EventDate "2019.06.21"]
[EventType "swiss"]
[EventRounds "5"]
[EventCountry "CAN"]

1. Nf3 f5 2. d3 Nc6 3. e4 e5 4. Nbd2 Nf6 5. g3 Be7 6. Bg2 O-O 7. O-O d5 8. Qe2
fxe4 9. dxe4 Bg4 10. c3 Kh8 11. b4 d4 12. Bb2 dxc3 13. Bxc3 Bxb4 14. Bxb4 Nxb4
15. Qb5 Nc2 16. Rac1 Nd4 17. Nxd4 Qxd4 18. Nb3 Qb2 19. f3 Bd7 20. Qxb7 Qxa2 21.
Nc5 Rfb8 22. Qa6 Qb2 23. Nxd7 Qd4+ 24. Kh1 Qxd7 25. Rfd1 Qe7 26. Bh3 Rb6 27.
Qa5 Rd6 28. Rf1 c6 29. Rc2 Rad8 30. Ra2 Ra8 31. Qc5 Re6 32. Qc3 Rd6 33. Ra5 Re8
34. Qc5 Rd2 35. Qxc6 Qb4 36. Qb5 Qd4 37. Ra4 Qc3 38. Bg2 Red8 39. Raa1 Qd4 40.
Ra4 Qc3 41. Rxa7 Rd1 42. Ra2 Rxf1+ 43. Qxf1 Qb3 44. Ra1 h5 45. f4 exf4 46. gxf4
Qb2 47. Rd1 Rxd1 48. Qxd1 Ng4 49. Qe1 Qd4 50. h3 Nf6 51. Kh2 g6 52. Qe2 Kg7 53.
Qf3 h4 54. Qa3 Qd7 55. Qc3 Qe7 56. Bf3 Qa7 57. Qe1 Qa2+ 58. Bg2 Kf7 59. e5 Nh5
60. Qxh4 Qc4 61. e6+ Qxe6 62. Qg5 Qd6 63. Bd5+ Ke8 64. Qe5+ Kd7 65. Qxd6+ Kxd6
1/2-1/2

[Event "Laval op"]
[Site "Laval CAN"]
[Date "2019.06.22"]
[Round "3.3"]
[White "Leveille, Francois"]
[Black "Tanaka, Tyler"]
[Result "1-0"]
[WhiteElo "2215"]
[BlackElo "2109"]
[PlyCount "77"]
[EventDate "2019.06.21"]
[EventType "swiss"]
[EventRounds "5"]
[EventCountry "CAN"]

1. e4 c5 2. Nf3 d6 3. d4 Nf6 4. Nc3 cxd4 5. Nxd4 g6 6. Be3 Bg7 7. f3 Nc6 8. Qd2
O-O 9. O-O-O Nxd4 10. Bxd4 Be6 11. Kb1 Qc7 12. g4 Rfc8 13. g5 Nd7 14. Bxg7 Kxg7
15. h4 Qa5 16. h5 Rab8 17. f4 Kg8 18. hxg6 fxg6 19. Bh3 Bxh3 20. Rxh3 Nf8 21.
Qh2 e6 22. Rxd6 Qb4 23. Qd2 Rc4 24. a3 Qa5 25. b3 Rc7 26. Kb2 Rf7 27. e5 b5 28.
b4 Qc7 29. Rhd3 a5 30. Ne4 axb4 31. axb4 Ra8 32. Nf6+ Rxf6 33. exf6 Qa7 34. f7+
Kg7 35. Qc3+ Kxf7 36. Kc1 Qg1+ 37. Rd1 Qh2 38. R6d4 Ra4 39. Rd7+ 1-0

[Event "Laval op"]
[Site "Laval CAN"]
[Date "2019.06.22"]
[Round "3.4"]
[White "Martinez Mulet, Dario Leonel"]
[Black "Rodrigue-Lemieux, Shawn"]
[Result "1-0"]
[WhiteElo "2123"]
[BlackElo "2257"]
[PlyCount "67"]
[EventDate "2019.06.21"]
[EventType "swiss"]
[EventRounds "5"]
[EventCountry "CAN"]

1. d4 Nf6 2. c4 e6 3. Nf3 b6 4. g3 Bb7 5. Bg2 Be7 6. O-O O-O 7. d5 exd5 8. Nh4
c6 9. cxd5 Nxd5 10. Nf5 Nc7 11. Nc3 d5 12. e4 Bf6 13. exd5 cxd5 14. Bf4 Nba6
15. Re1 Nc5 16. Bd6 Re8 17. Rxe8+ Nxe8 18. Bxc5 bxc5 19. Nxd5 Bxd5 20. Bxd5 Rb8
21. Rb1 Nc7 22. Bb3 Ne6 23. Qe2 Nd4 24. Nxd4 Bxd4 25. Qf3 Qe7 26. Kg2 g6 27. h4
h5 28. Rd1 Bxb2 29. Rb1 Be5 30. Re1 Re8 31. Qc6 Kf8 32. f4 Qc7 33. Qe4 c4 34.
Ba4 1-0

[Event "Laval op"]
[Site "Laval CAN"]
[Date "2019.06.22"]
[Round "3.5"]
[White "Zhu, Hong Rui"]
[Black "Mercure, Gilbert"]
[Result "1-0"]
[WhiteElo "2275"]
[BlackElo "1795"]
[PlyCount "123"]
[EventDate "2019.06.21"]
[EventType "swiss"]
[EventRounds "5"]
[EventCountry "CAN"]

1. e4 d5 2. exd5 Nf6 3. d4 Bg4 4. f3 Bf5 5. c4 e6 6. dxe6 Nc6 7. Be3 Bb4+ 8.
Nc3 O-O 9. Bd3 fxe6 10. Bb1 Qe7 11. Nge2 Rad8 12. O-O Bd6 13. Bf2 Bxb1 14. Qxb1
Nh5 15. Qe4 Qf7 16. Nb5 Bf4 17. Nxf4 Nxf4 18. Rad1 a6 19. Nc3 Rde8 20. Rfe1 Nd8
21. Bg3 Ng6 22. Na4 b6 23. b3 Re7 24. Nc3 Rfe8 25. Re2 c6 26. Na4 Rb7 27. Nc3
Rbe7 28. Na4 Rb7 29. Qc2 Nf4 30. Re4 Nh5 31. Bd6 Qg6 32. Re2 Qh6 33. Qd2 g5 34.
Nc3 Nf7 35. Ne4 Rd7 36. Bg3 Nf6 37. Qe1 Nxe4 38. Rxe4 Qg6 39. Qe2 Nd8 40. Qe3
Nf7 41. Re1 Rde7 42. h4 h6 43. hxg5 hxg5 44. Kf2 Nh6 45. d5 cxd5 46. cxd5 Qf5
47. d6 Rf7 48. Kg1 Rd7 49. Re5 Qf7 50. Rxg5+ Kh7 51. Be5 Rg8 52. Rxg8 Nxg8 53.
Qxb6 Nh6 54. Qxa6 Nf5 55. Qa4 Ra7 56. Qe4 Rxa2 57. Rc1 Qa7+ 58. Kh2 Qf2 59.
Rc7+ Kh6 60. Qf4+ Kg6 61. Qg4+ Kh6 62. Bf4# 1-0

[Event "Laval op"]
[Site "Laval CAN"]
[Date "2019.06.22"]
[Round "3.6"]
[White "Xu, Daniel"]
[Black "Soudre, Nicolas"]
[Result "1/2-1/2"]
[WhiteElo "1907"]
[BlackElo "2086"]
[PlyCount "63"]
[EventDate "2019.06.21"]
[EventType "swiss"]
[EventRounds "5"]
[EventCountry "CAN"]

1. d4 e6 2. c4 f5 3. g3 Nf6 4. Bg2 c6 5. Nc3 d5 6. Nh3 Be7 7. O-O O-O 8. Bf4 b6
9. Rc1 h6 10. Be5 g5 11. Qb3 Bb7 12. cxd5 exd5 13. e4 fxe4 14. Nxe4 Nxe4 15.
Bxe4 Nd7 16. Bh7+ Kf7 17. Qf3+ Bf6 18. Bd6 Kg7 19. Bxf8+ Nxf8 20. Bf5 Bxd4 21.
Qg4 Be5 22. f4 Bd4+ 23. Kg2 Be3 24. Rce1 d4 25. Rxe3 dxe3 26. fxg5 h5 27. Qxh5
Qd5+ 28. Kg1 c5 29. Be4 Qxe4 30. Qf7+ Kh8 31. Qf6+ Kg8 32. Qf7+ 1/2-1/2

[Event "Laval op"]
[Site "Laval CAN"]
[Date "2019.06.22"]
[Round "3.7"]
[White "Brassard, Sylvain"]
[Black "Turcotte, Jonathan"]
[Result "0-1"]
[WhiteElo "2018"]
[BlackElo "1982"]
[PlyCount "52"]
[EventDate "2019.06.21"]
[EventType "swiss"]
[EventRounds "5"]
[EventCountry "CAN"]

1. d4 d5 2. Bf4 c5 3. e3 Nc6 4. c3 Nf6 5. Nf3 Qb6 6. Qb3 c4 7. Qxb6 axb6 8.
Nbd2 b5 9. Be2 b4 10. O-O bxc3 11. bxc3 Ra3 12. Rfc1 Bf5 13. Ne5 Nxe5 14. dxe5
Ne4 15. Nxe4 Bxe4 16. f3 Bg6 17. e4 dxe4 18. Bxc4 e6 19. Rab1 Bc5+ 20. Kf1 exf3
21. Rxb7 fxg2+ 22. Ke2 Bh5+ 23. Kd2 O-O 24. Be3 Rd8+ 25. Bd4 Bxd4 26. cxd4
Rxd4+ 0-1

[Event "Laval op"]
[Site "Laval CAN"]
[Date "2019.06.22"]
[Round "3.8"]
[White "Saha, Ananda"]
[Black "Tomb, Maroun"]
[Result "1-0"]
[WhiteElo "2059"]
[BlackElo "2105"]
[PlyCount "141"]
[EventDate "2019.06.21"]
[EventType "swiss"]
[EventRounds "5"]
[EventCountry "CAN"]

1. Nf3 g6 2. g3 Bg7 3. Bg2 c5 4. O-O Nc6 5. d3 d6 6. e4 e5 7. c3 Nge7 8. Na3
O-O 9. Nc2 f5 10. Re1 h6 11. exf5 gxf5 12. Nh4 Kh7 13. f4 Be6 14. Be3 b6 15. g4
d5 16. g5 Qe8 17. gxh6 Bxh6 18. fxe5 f4 19. Bf2 Rg8 20. Kh1 Qf7 21. Bf3 Rg5 22.
d4 Rag8 23. Qe2 c4 24. Rg1 Nf5 25. Rxg5 Bxg5 26. Ng2 Qg7 27. Rg1 Qh6 28. Nge1
Nce7 29. Bg4 Bh4 30. Bxh4 Qxh4 31. Bxf5+ Bxf5 32. Rxg8 Nxg8 33. Ng2 Qg5 34. h4
Qg3 35. Nce1 Be4 36. Qh5+ Nh6 37. Qg5 Qxe1+ 38. Kh2 Qg3+ 39. Qxg3 fxg3+ 40.
Kxg3 Bxg2 41. Kxg2 Kg6 42. Kg3 Kf5 43. Kf3 b5 44. a3 a5 45. Kg3 Nf7 46. Kf3 Nd8
47. Kg3 Ne6 48. Kf3 a4 49. Kg3 Nxd4 50. cxd4 b4 51. h5 bxa3 52. bxa3 c3 53. h6
c2 54. h7 c1=Q 55. h8=Q Qxa3+ 56. Kh4 Qe7+ 57. Kh3 a3 58. Qh5+ Ke4 59. Qg4+ Kd3
60. Qd1+ Kc3 61. Qa1+ Kc4 62. Kg4 Kb3 63. Qb1+ Kc4 64. Qa1 Kd3 65. Qd1+ Ke4 66.
Qd2 Qg7+ 67. Kh4 Qh7+ 68. Kg3 Qg6+ 69. Kh4 Qa6 70. Kg5 a2 71. Qf4+ 1-0

[Event "Laval op"]
[Site "Laval CAN"]
[Date "2019.06.22"]
[Round "3.9"]
[White "Bisaillon, Marc"]
[Black "Allard, Laurent"]
[Result "0-1"]
[WhiteElo "1752"]
[BlackElo "2054"]
[PlyCount "38"]
[EventDate "2019.06.21"]
[EventType "swiss"]
[EventRounds "5"]
[EventCountry "CAN"]

1. e4 c5 2. a3 d6 3. b4 Nf6 4. Nc3 g6 5. Bb2 Bg7 6. Rb1 O-O 7. h4 h5 8. Nf3 Nc6
9. bxc5 dxc5 10. e5 Ng4 11. Ne4 b6 12. Qe2 Qc7 13. e6 Bxe6 14. Bxg7 Kxg7 15. g3
Nd4 16. Nxd4 cxd4 17. d3 Rac8 18. Rb2 Bd5 19. Bg2 Bxe4 0-1

[Event "Laval op"]
[Site "Laval CAN"]
[Date "2019.06.22"]
[Round "3.11"]
[White "Zheng, Richard"]
[Black "Page, Dany"]
[Result "1-0"]
[WhiteElo "1993"]
[BlackElo "1537"]
[PlyCount "52"]
[EventDate "2019.06.21"]
[EventType "swiss"]
[EventRounds "5"]
[EventCountry "CAN"]

1. b3 e5 2. Bb2 Nc6 3. e3 f5 4. Bb5 d6 5. d4 Bd7 6. Nf3 e4 7. Nfd2 Nf6 8. Bxc6
Bxc6 9. c4 d5 10. Nc3 Bd6 11. c5 Be7 12. b4 b6 13. b5 Bxb5 14. Nxb5 bxc5 15.
dxc5 Rb8 16. Bxf6 Bxf6 17. Nd4 Qd7 18. Rb1 Rxb1 19. Qxb1 O-O 20. Qb4 Be7 21. c6
Qd8 22. Qb3 Qd6 23. g3 Kh8 24. Qc3 Bf6 25. N2b3 Qa3 26. Qc5 Qxc5 1-0

[Event "Laval op"]
[Site "Laval CAN"]
[Date "2019.06.22"]
[Round "3.12"]
[White "Steinberg, Ellis"]
[Black "Villeneuve, Robert"]
[Result "1/2-1/2"]
[WhiteElo "1745"]
[BlackElo "1930"]
[PlyCount "112"]
[EventDate "2019.06.21"]
[EventType "swiss"]
[EventRounds "5"]
[EventCountry "CAN"]

1. e4 c5 2. Nf3 d6 3. d4 cxd4 4. Nxd4 Nf6 5. Nc3 g6 6. Be3 Nc6 7. f3 Bg7 8. Qd2
O-O 9. Bc4 Bd7 10. O-O-O Rc8 11. Bb3 Nxd4 12. Bxd4 b5 13. Bxa7 b4 14. Nd5 Nxd5
15. exd5 Qa5 16. Bd4 Ba4 17. Qe3 Bxb3 18. Qxb3 Rc7 19. Rhe1 Rfc8 20. Re2 Rc4
21. Bxg7 Kxg7 22. Rdd2 Qc5 23. Qe3 Qa5 24. Qb3 Qc5 25. Qe3 Qa5 26. Kb1 Ra8 27.
Qb3 Qc5 28. Rd1 Rd4 29. Rxd4 Qxd4 30. Re1 Ra5 31. c4 bxc3 32. Qxc3 Qxc3 33.
bxc3 Kf6 34. c4 Rc5 35. Re4 e6 36. dxe6 fxe6 37. Kb2 d5 38. cxd5 exd5 39. Rb4
Ke5 40. a4 Rc7 41. f4+ Kd6 42. a5 Kc5 43. Ra4 Kb5 44. Ra3 Ka6 45. Rc3 Re7 46.
Kc1 d4 47. Rd3 Re4 48. g3 Kxa5 49. Rb3 Re2 50. Rb2 Rxb2 51. Kxb2 Kb4 52. Kc2
Kc4 53. g4 d3+ 54. Kd2 Kd4 55. f5 gxf5 56. gxf5 Ke5 1/2-1/2

[Event "Laval op"]
[Site "Laval CAN"]
[Date "2019.06.22"]
[Round "3.13"]
[White "Dumoulin, Sylvain"]
[Black "Bilodeau-Savaria, Sandy-Rose"]
[Result "1-0"]
[WhiteElo "1847"]
[BlackElo "1425"]
[PlyCount "69"]
[EventDate "2019.06.21"]
[EventType "swiss"]
[EventRounds "5"]
[EventCountry "CAN"]

1. Nc3 d5 2. e4 d4 3. Nce2 e5 4. Ng3 Nf6 5. Bc4 c5 6. Nf3 Bg4 7. Nxe5 Be6 8.
Bxe6 fxe6 9. d3 Bd6 10. Nc4 Bc7 11. O-O Nc6 12. Bg5 h6 13. Bxf6 Qxf6 14. Qh5+
g6 15. Qxc5 O-O-O 16. b4 Qe7 17. Qxe7 Nxe7 18. a4 b6 19. b5 Kb7 20. Ne2 e5 21.
f4 exf4 22. Nxf4 Bxf4 23. Rxf4 Rhf8 24. Raf1 Rxf4 25. Rxf4 h5 26. Rf7 Rd7 27.
h4 Kb8 28. Ne5 Rc7 29. Rxe7 Rxe7 30. Nc6+ Kb7 31. Nxe7 Kc7 32. Nc6 Kd6 33. Nxd4
Ke5 34. c3 Kd6 35. Kf2 1-0

[Event "Laval op"]
[Site "Laval CAN"]
[Date "2019.06.22"]
[Round "3.14"]
[White "Latorre, Vincent"]
[Black "Yan, Alex Jikai"]
[Result "1/2-1/2"]
[WhiteElo "1822"]
[BlackElo "1417"]
[PlyCount "56"]
[EventDate "2019.06.21"]
[EventType "swiss"]
[EventRounds "5"]
[EventCountry "CAN"]

1. e4 c5 2. Nf3 Nc6 3. d4 cxd4 4. Nxd4 Nf6 5. Nc3 e5 6. Ndb5 d6 7. Bg5 a6 8.
Na3 b5 9. Nd5 Be7 10. Nxe7 Qxe7 11. Bd3 O-O 12. O-O h6 13. Bh4 Qe6 14. Bxf6
Qxf6 15. c3 Nd8 16. Nc2 Be6 17. a4 bxa4 18. Rxa4 a5 19. Ne3 Nb7 20. b4 axb4 21.
cxb4 Qe7 22. f4 exf4 23. Rxf4 Rxa4 24. Qxa4 Qc7 25. Qc2 Qb6 26. Qd2 Ra8 27. Kh1
Ra2 28. Qe1 Qd4 1/2-1/2

[Event "Laval op"]
[Site "Laval CAN"]
[Date "2019.06.22"]
[Round "3.15"]
[White "Tinica, Gabriel"]
[Black "Richard, Leo"]
[Result "1-0"]
[WhiteElo "1712"]
[BlackElo "1813"]
[PlyCount "73"]
[EventDate "2019.06.21"]
[EventType "swiss"]
[EventRounds "5"]
[EventCountry "CAN"]

1. d4 e6 2. Bf4 f5 3. e3 Nf6 4. Nf3 Be7 5. Bd3 O-O 6. c4 c6 7. Nc3 d5 8. Qc2
Ne4 9. h4 Nd7 10. h5 h6 11. Ne5 Nxe5 12. Bxe5 Bd6 13. Bxd6 Nxd6 14. cxd5 exd5
15. O-O-O Qf6 16. Ne2 Be6 17. Nf4 Bf7 18. Rdg1 Rac8 19. Kb1 c5 20. dxc5 b6 21.
c6 Ne4 22. Bxe4 dxe4 23. Rc1 Rfe8 24. Rhd1 Re5 25. Qc3 Re7 26. Qxf6 gxf6 27.
Rd7 Kf8 28. Ng6+ Bxg6 29. hxg6 Rc7 30. Rxe7 Kxe7 31. b4 b5 32. a4 a6 33. axb5
axb5 34. Rc5 Kf8 35. Kb2 Kg7 36. Kc3 Kxg6 37. Kd4 1-0

[Event "Laval op"]
[Site "Laval CAN"]
[Date "2019.06.22"]
[Round "3.16"]
[White "Deschamps, Martin"]
[Black "Craciun, David"]
[Result "0-1"]
[WhiteElo "1633"]
[BlackElo "1720"]
[PlyCount "104"]
[EventDate "2019.06.21"]
[EventType "swiss"]
[EventRounds "5"]
[EventCountry "CAN"]

1. c4 e6 2. Nc3 d5 3. d4 Nf6 4. Nf3 Be7 5. Bg5 O-O 6. e3 Nbd7 7. Rc1 b6 8. cxd5
exd5 9. Bd3 Bb7 10. O-O Ne4 11. Bxe7 Qxe7 12. Qb3 Ndf6 13. Bxe4 dxe4 14. Nd2
Rfd8 15. Rfd1 Rac8 16. Nf1 a6 17. Ng3 g6 18. a3 Kg7 19. Nce2 h5 20. Nf4 h4 21.
Nge2 g5 22. Nh3 Nd5 23. Qc2 Rd7 24. Nc3 Re8 25. Nxd5 Bxd5 26. Qe2 a5 27. Qg4
Kh6 28. Nxg5 f5 29. Qxh4+ Kg6 30. f4 exf3 31. Nxf3 Qxe3+ 32. Qf2 Bxf3 33. gxf3
Kg5 34. Qxe3+ Rxe3 35. Kf2 Kf4 36. Rc3 Rde7 37. Rd2 Rxc3 38. bxc3 Re3 39. Rc2
Rxf3+ 40. Kg2 Kg4 41. a4 Rd3 42. Kf2 f4 43. Kg2 f3+ 44. Kf2 Kf4 45. d5 Rxd5 46.
c4 Rh5 47. Rc3 Rxh2+ 48. Kg1 Kg3 49. c5 Ra2 50. Rc1 Rxa4 51. cxb6 cxb6 52. Kf1
b5 0-1

[Event "Laval op"]
[Site "Laval CAN"]
[Date "2019.06.22"]
[Round "3.17"]
[White "Baran, Marius"]
[Black "Huang, Qiuyu"]
[Result "0-1"]
[WhiteElo "1648"]
[BlackElo "2181"]
[PlyCount "68"]
[EventDate "2019.06.21"]
[EventType "swiss"]
[EventRounds "5"]
[EventCountry "CAN"]

1. e4 c5 2. Nc3 Nc6 3. f4 g6 4. Nf3 Bg7 5. Bb5 Nd4 6. O-O Nxb5 7. Nxb5 d6 8. c4
a6 9. Nc3 Nh6 10. h3 O-O 11. d3 f5 12. Qe1 Bd7 13. Ng5 Nf7 14. Nxf7 Rxf7 15. a4
Bc6 16. a5 Qd7 17. Nd5 Re8 18. Rb1 Bxd5 19. exd5 e6 20. Qg3 exd5 21. cxd5 Qa4
22. Bd2 Qc2 23. Bc3 Bxc3 24. bxc3 Qxc3 25. Rfe1 Rfe7 26. Re6 Qd4+ 27. Kh2 Qxd5
28. Rxg6+ hxg6 29. Qxg6+ Kh8 30. Qh5+ Kg7 31. Qg5+ Kf7 32. Qh5+ Ke6 33. d4 cxd4
34. g4 Qa2+ 0-1

[Event "Laval op"]
[Site "Laval CAN"]
[Date "2019.06.22"]
[Round "3.18"]
[White "Durette, Francis"]
[Black "Guipi Bopala, Prince Eric jr"]
[Result "1/2-1/2"]
[WhiteElo "1924"]
[BlackElo "1619"]
[PlyCount "68"]
[EventDate "2019.06.21"]
[EventType "swiss"]
[EventRounds "5"]
[EventCountry "CAN"]

1. Nf3 d5 2. c4 e6 3. d4 c6 4. g3 f5 5. Bg2 Nf6 6. b3 Bd6 7. Bb2 O-O 8. O-O Qe7
9. Ne5 Nbd7 10. Nd2 Ne4 11. Nxe4 fxe4 12. Nxd7 Bxd7 13. f4 Rae8 14. c5 Bc7 15.
b4 Ra8 16. Bc3 a6 17. e3 a5 18. a3 Ra7 19. Qd2 Rfa8 20. Qb2 axb4 21. axb4 Qe8
22. Rxa7 Rxa7 23. Ra1 Qa8 24. Bf1 Rxa1 25. Qxa1 Qxa1 26. Bxa1 Kf7 27. Kf2 Ke7
28. g4 g6 29. h4 h6 30. Be2 Kd8 31. Bc3 Kc8 32. h5 gxh5 33. g5 hxg5 34. fxg5
Be8 1/2-1/2

[Event "Laval op"]
[Site "Laval CAN"]
[Date "2019.06.22"]
[Round "3.19"]
[White "Abdelaal, Ibrahim"]
[Black "Han, Johnathan"]
[Result "1-0"]
[WhiteElo "1903"]
[BlackElo "1585"]
[PlyCount "71"]
[EventDate "2019.06.21"]
[EventType "swiss"]
[EventRounds "5"]
[EventCountry "CAN"]

1. e4 c5 2. Nf3 d6 3. b4 cxb4 4. d4 Nf6 5. Bd3 e6 6. O-O Be7 7. a3 bxa3 8. Bxa3
O-O 9. c4 Nbd7 10. Nc3 h6 11. Qd2 a6 12. Rfb1 Qc7 13. e5 Ne8 14. Ne4 f5 15.
exd6 Nxd6 16. Nc3 b6 17. Re1 Nf6 18. Ne5 Kh7 19. Qf4 g6 20. d5 exd5 21. Nxd5
Nxd5 22. cxd5 Bb7 23. Rac1 Qd8 24. Nc6 Bxc6 25. Rxc6 Rf6 26. Rxe7+ Qxe7 27.
Bxd6 Qe1+ 28. Bf1 Rf7 29. Be5 Re8 30. Bc3 Qe7 31. d6 Qf8 32. Rxb6 Re4 33. Qd2
Rd7 34. Rxa6 Qb8 35. Qd5 Qb1 36. Ra8 1-0

[Event "Laval op"]
[Site "Laval CAN"]
[Date "2019.06.22"]
[Round "3.20"]
[White "Lesage, Philippe"]
[Black "Yang, Kun"]
[Result "1-0"]
[WhiteElo "1775"]
[BlackElo "1559"]
[PlyCount "99"]
[EventDate "2019.06.21"]
[EventType "swiss"]
[EventRounds "5"]
[EventCountry "CAN"]

1. c4 c5 2. Nc3 Nc6 3. Nf3 Nf6 4. g3 g6 5. d4 cxd4 6. Nxd4 Bg7 7. Bg2 O-O 8.
O-O e5 9. Ndb5 Ne8 10. Ne4 Ne7 11. Nbd6 Nxd6 12. Nxd6 Nf5 13. Nxb7 Bxb7 14.
Bxb7 Rb8 15. Bd5 Rc8 16. Rb1 Ne7 17. Bg5 Kh8 18. b3 f6 19. Be3 Nxd5 20. Qxd5
Ra8 21. Rfd1 d6 22. Qxd6 Qxd6 23. Rxd6 Rf7 24. Rbd1 Bf8 25. Rd7 Rxd7 26. Rxd7
a5 27. Rf7 f5 28. Bb6 Kg8 29. Rd7 a4 30. Rd5 axb3 31. axb3 Rb8 32. c5 e4 33. b4
Be7 34. Rd4 Kf7 35. Kf1 Ke6 36. e3 Rb7 37. Ba5 Rb8 38. c6 Bd6 39. c7 Rc8 40. b5
Kd7 41. Bb4 Kxc7 42. Rxd6 Kb7 43. Rd7+ Rc7 44. Rxc7+ Kxc7 45. Bc5 Kb7 46. Ke2
Kc7 47. Kd2 Kb7 48. Kc3 Kc7 49. Kd4 Kd7 50. Ke5 1-0

[Event "Laval op"]
[Site "Laval CAN"]
[Date "2019.06.22"]
[Round "3.21"]
[White "Bilodeau-Savaria, Carl-William"]
[Black "Adam, Rafael"]
[Result "1-0"]
[WhiteElo "1366"]
[BlackElo "1367"]
[PlyCount "101"]
[EventDate "2019.06.21"]
[EventType "swiss"]
[EventRounds "5"]
[EventCountry "CAN"]

1. d4 Nf6 2. c4 e6 3. Nf3 Bb4+ 4. Bd2 Qe7 5. a3 Bxd2+ 6. Nbxd2 d5 7. e3 O-O 8.
Bd3 Nbd7 9. cxd5 exd5 10. Qc2 c6 11. O-O Re8 12. Rfe1 Ne4 13. Nf1 f5 14. N3d2
Ndf6 15. f3 Nd6 16. Ng3 g6 17. Re2 Bd7 18. Rae1 Qg7 19. Qc5 Qf8 20. e4 fxe4 21.
fxe4 Ndxe4 22. Qxf8+ Kxf8 23. Ngxe4 dxe4 24. Nxe4 Nxe4 25. Rxe4 Rxe4 26. Rxe4
Re8 27. Rf4+ Ke7 28. Rh4 Bc8 29. Rxh7+ Kf6 30. Rh6 Rg8 31. h4 Bf5 32. Bxf5 Kxf5
33. Rh7 Rb8 34. Kf2 a6 35. Kf3 b5 36. Rf7+ Ke6 37. Rc7 Rb6 38. Kf4 Kf6 39. g4
a5 40. g5+ Ke6 41. Rg7 b4 42. Rxg6+ Kf7 43. Rf6+ Kg7 44. a4 b3 45. Ke5 Rb4 46.
Rxc6 Rxa4 47. h5 Ra2 48. h6+ Kg8 49. g6 Kf8 50. Ke6 Rxb2 51. Rc8# 1-0

[Event "Laval op"]
[Site "Laval CAN"]
[Date "2019.06.23"]
[Round "4.2"]
[White "Roussel-Roozmon, Thomas"]
[Black "Leveille, Francois"]
[Result "1-0"]
[WhiteElo "2463"]
[BlackElo "2215"]
[PlyCount "87"]
[EventDate "2019.06.21"]
[EventType "swiss"]
[EventRounds "5"]
[EventCountry "CAN"]

1. c4 g6 2. g3 Bg7 3. Bg2 d6 4. Nc3 Nc6 5. e4 a6 6. Nge2 Rb8 7. O-O h5 8. h3 h4
9. g4 Ne5 10. d3 Bxg4 11. hxg4 h3 12. Bh1 h2+ 13. Kg2 Nxg4 14. f3 N4f6 15. Kf2
b5 16. Bg2 Nd7 17. Rh1 e6 18. cxb5 axb5 19. Bf4 b4 20. Na4 Be5 21. Bxe5 Nxe5
22. d4 Qh4+ 23. Kf1 Nd7 24. Rc1 Ngf6 25. Qe1 Qg5 26. Qg3 Qb5 27. b3 Ke7 28. Ke1
g5 29. Rxh2 Nh5 30. Rxh5 Rxh5 31. Rxc7 Rb7 32. Rc8 Nf6 33. Nb2 Rd7 34. Rc2 Qa6
35. Nc1 Qa7 36. Qf2 Rh8 37. Nbd3 Rb7 38. Ne2 Qa6 39. Qe3 g4 40. f4 Rbb8 41. e5
Ne8 42. f5 Rh2 43. Qg5+ Kf8 44. fxe6 1-0

[Event "Laval op"]
[Site "Laval CAN"]
[Date "2019.06.23"]
[Round "4.3"]
[White "Feoktistov, Dmitri"]
[Black "Zhu, Hong Rui"]
[Result "1/2-1/2"]
[WhiteElo "2139"]
[BlackElo "2275"]
[PlyCount "86"]
[EventDate "2019.06.21"]
[EventType "swiss"]
[EventRounds "5"]
[EventCountry "CAN"]

1. d4 d5 2. c4 e6 3. Nc3 c6 4. e3 Bd6 5. Bd3 f5 6. Nge2 Nf6 7. Qc2 O-O 8. f3
Kh8 9. O-O Qe7 10. cxd5 Nxd5 11. a3 Nd7 12. Bd2 N7f6 13. Rae1 Qc7 14. h3 Bd7
15. Na4 Ne7 16. Nc5 Rae8 17. b4 Bc8 18. Bc4 Ng6 19. f4 Nh5 20. Kh2 b6 21. Nd3
Bb7 22. Rc1 Qe7 23. Be1 Nf6 24. Ng1 Nd5 25. Bf2 Rc8 26. Nf3 c5 27. bxc5 bxc5
28. dxc5 Bxc5 29. Nxc5 Qxc5 30. Nd4 Qe7 31. Qa2 a6 32. Qe2 e5 33. Bxd5 exd4 34.
Bf3 Rxc1 35. Rxc1 Qxa3 36. Rc7 Bxf3 37. Qxf3 dxe3 38. Bxe3 Qd6 39. Qc6 Qxc6 40.
Rxc6 Ra8 41. Rc5 Re8 42. Bc1 Rf8 43. Rc6 Ra8 1/2-1/2

[Event "Laval op"]
[Site "Laval CAN"]
[Date "2019.06.23"]
[Round "4.4"]
[White "Turcotte, Jonathan"]
[Black "Saha, Ananda"]
[Result "0-1"]
[WhiteElo "1982"]
[BlackElo "2059"]
[PlyCount "58"]
[EventDate "2019.06.21"]
[EventType "swiss"]
[EventRounds "5"]
[EventCountry "CAN"]

1. d4 Nf6 2. c4 g6 3. Nc3 Bg7 4. e4 d6 5. Be2 O-O 6. Nf3 e5 7. O-O Nh5 8. Re1
Nf4 9. Bf1 Bg4 10. d5 f5 11. h3 Bh5 12. exf5 gxf5 13. Bxf4 exf4 14. Rc1 Nd7 15.
Be2 Bxf3 16. Bxf3 Ne5 17. b3 a6 18. a4 Qg5 19. Nb1 Rae8 20. Bh5 Re7 21. Nc3 Rf6
22. Kh1 Rh6 23. Bf3 Bf6 24. Na2 Rg7 25. Kh2 Ng4+ 26. Kg1 Rxh3 27. Bxg4 Qxg4 28.
Qxg4 Rxg4 29. Re6 f3 0-1